|
|
|
|
| LEADER |
02558nam a2200613 i 4500 |
| 001 |
nkc20182977718 |
| 003 |
CZ PrNK |
| 005 |
20180319112325.0 |
| 007 |
ta |
| 008 |
180202s2017 xr a e c 000 0dcze |
| 020 |
|
|
|a 978-80-87890-23-3
|q (Národní památkový ústav. Územní památková správa v Českých Budějovicích ;
|q brožováno)
|
| 040 |
|
|
|a BOA001
|b cze
|e rda
|
| 043 |
|
|
|a e-xr---
|b e-xr-cc
|2 czenas
|
| 045 |
|
|
|a x6x7
|
| 072 |
|
7 |
|a 77
|x Fotografie. Fotografické postupy
|2 Konspekt
|9 21
|
| 080 |
|
|
|a 77.04
|2 MRF
|
| 080 |
|
|
|a 7.04
|2 MRF
|
| 080 |
|
|
|a 821.162.3-1
|2 MRF
|
| 080 |
|
|
|a (437.3)
|2 MRF
|
| 080 |
|
|
|a (437.31-13)
|2 MRF
|
| 080 |
|
|
|a (083.824)
|2 MRF
|
| 080 |
|
|
|a (0:82-1)
|2 MRF
|
| 100 |
1 |
|
|a Šechtlová, Marie,
|d 1928-2008
|7 jk01122711
|4 art
|
| 245 |
1 |
0 |
|a Nadevším ticho rybníků :
|b Jižní Čechy Marie Šechtlové po padesáti letech /
|c text katalogu a kurátot výstavy Helena Michalíková ; poesie Jan Noha a Radek Štěpánek
|
| 264 |
|
1 |
|a České Budějovice :
|b Národní památkový ústav, územní památková správa v Českých Budějovicích pro Muzeum Vimperska,
|c 2017
|
| 300 |
|
|
|a 44 nečíslovaných stran :
|b ilustrace ;
|c 16 x 23 cm
|
| 336 |
|
|
|a text
|b txt
|2 rdacontent
|
| 336 |
|
|
|a statický obraz
|b sti
|2 rdacontent
|
| 337 |
|
|
|a bez média
|b n
|2 rdamedia
|
| 338 |
|
|
|a svazek
|b nc
|2 rdacarrier
|
| 500 |
|
|
|a Životopisná data a přehled výstav
|
| 500 |
|
|
|a 400 výtisků
|
| 600 |
1 |
7 |
|a Šechtlová, Marie,
|d 1928-2008
|7 jk01122711
|2 czenas
|
| 648 |
|
7 |
|a 1961-1970
|7 ch460584
|2 czenas
|
| 648 |
|
7 |
|a 20. století
|7 ch460558
|2 czenas
|
| 650 |
0 |
7 |
|a umělecká fotografie
|7 ph126879
|z Česko
|y 20. století
|2 czenas
|
| 650 |
0 |
7 |
|a umělecké náměty
|7 ph138227
|2 czenas
|
| 650 |
0 |
9 |
|a artistic photography
|z Czechia
|y 20th century
|2 eczenas
|
| 650 |
0 |
9 |
|a artistic themes
|2 eczenas
|
| 651 |
|
7 |
|a Čechy jižní (Česko)
|7 ge131648
|2 czenas
|
| 651 |
|
9 |
|a Bohemia, Southern (Czechia)
|2 eczenas
|
| 655 |
|
7 |
|a katalogy výstav
|7 fd132536
|2 czenas
|
| 655 |
|
7 |
|a česká poezie
|7 fd133958
|2 czenas
|
| 655 |
|
9 |
|a exhibition catalogs
|2 eczenas
|
| 655 |
|
9 |
|a Czech poetry
|2 eczenas
|
| 700 |
1 |
|
|a Noha, Jan,
|d 1908-1966
|7 jk01090222
|4 aut
|
| 700 |
1 |
|
|a Štěpánek, Radek,
|d 1986-
|7 js20070302006
|4 aut
|
| 700 |
1 |
|
|a Michalíková, Helena
|4 aut
|
| 710 |
2 |
|
|a Vimperk (zámek).
|b Muzeum Vimperska
|7 mzk2018982917
|4 orm
|4 isb
|
| 910 |
2 |
|
|a BOA001
|b 2-1403.479
|
| 990 |
|
|
|a BK
|
| 995 |
|
|
|a 11
|
| 991 |
|
|
|b 201802
|c NOV
|
| 996 |
6 |
|
|b 2610735418
|c 2-1403.479
|l MZK
|r Sklad / do 1 hodiny
|n 1
|p p.v.
|w 001652500
|u 000010
|a 1
|e BOA001
|j MZK50
|s P
|